000 00329nam a22001217a 4500
082 _a355.480285
_bMIL
_cD
110 _aTime Life books Alexandria Virginia
_937936
245 _athe Military frontier
260 _aVirginia
_btime life books
526 _a0
_b0
_c0
_d355_480285000000000_MIL
650 _aMCE
_9379
942 _2ddc
_cBK
999 _c542672
_d542672